| 000 | 00615nam a2200217 a 4500 | ||
|---|---|---|---|
| 001 | 52000 | ||
| 003 | BD-RjUL | ||
| 005 | 20211209075736.0 | ||
| 008 | 160905s1960 enk 001 0 eng d | ||
| 035 | _a(BD-RjUL)52120 | ||
| 040 |
_aVCAV _beng _cVCAV _dBD-RjUL |
||
| 041 | _aeng | ||
| 082 | 0 | 4 |
_a519.72 _223 _bGAI 1960 |
| 100 | 1 | 0 |
_aGarvin, Walter W. _9155506 |
| 245 | 1 | 0 |
_aIntroduction to linear programming / _c[by] Walter W. Garvin. |
| 260 |
_aNew York : _bMcGraw-Hill, _cc1960. |
||
| 300 |
_axiv, 281p. : _bill. ; _c24 cm. |
||
| 500 | _aInclude index | ||
| 650 | 0 |
_aLinear programming. _9137980 |
|
| 942 |
_2ddc _cBK |
||
| 999 |
_c52000 _d52000 |
||